000 00301nam a22001337a 4500
008 171006b xxu||||| |||| 00| 0 eng d
020 _a9780898628425
041 _aeng
080 _24TH
_a159.9
100 _a49
101 _aPSI
245 _aCLINICIAN'S THESAURUS
_cZUCKERMAN,E.L
942 _2udc
_cBK
999 _c32236
_d32236